| 000 | 01187nam a22002297a 4500 | ||
|---|---|---|---|
| 999 |
_c58635 _d58635 |
||
| 003 | Ge_BSU | ||
| 005 | 20220621112117.0 | ||
| 008 | 220621s2016 ge ||||| |||| 00| 0 geo d | ||
| 020 | _a9789941086083 | ||
| 041 | _ageo | ||
| 080 | _a657.6(075.8) ს-13 | ||
| 100 |
_aსაბაური, ლევან _914161 |
||
| 245 |
_aაუდიტის საერთაშორისო სტანდარტები: _bსახელმძღვანელო / _cლევან საბაური; რედაქტორი მაია პაპუნაშვილი. |
||
| 264 |
_a[ქ.გ.]: _b[გ.გ.], _c2016. |
||
| 300 |
_a290 გვ. : _bილ., ცხრ. ; _c25 სმ. |
||
| 500 | _a ეძღვნება პროფ. ივანე (ვანო) გოდერძიშვილის ხსოვნას. | ||
| 504 | _aბიბლიოგრ. : გვ. 283-284. | ||
| 653 | _aაუდიტი | ||
| 700 |
_aპაპუნაშვილი, მაია _eრედაქტორი. _914162 |
||
| 856 |
_uhttp://eprints.tsu.ge/1008/1/International%20Standards%20on%20Auditing.pdf _yელ. ვერსია. pdf |
||
| 942 |
_2udc _cBK |
||